Spôsob konverzie derivátov treo-(2R,3R)-2-hydroxy-3-(2-aminofenyltio)-3-(4-metoxyfenyl)propiónovej kyseliny

Bibliographic Details
Format: Book
Language:Slovak
Published: [Banská Bystrica] Úrad priemyselného vlastníctva Slovenskej republiky [2005]

MARC

LEADER 00000nam a2200000 a 4500
001 vtls001560514
003 SK-MaSNL
005 20260224203930.0
008 050419s xo d 000 0 slo
013 |a 284 417  |b it  |c patentový spis  |d 20050304  |e dátum nadobudnutia účinkov patentu (Vestník ÚPV SR č.:3/2005 )  |d 20050228  |e dátum sprístupnenia patentu verejnosti 
013 |a 560-2000  |e číslo prihlášky  |d 19981012  |e dátum podania prihlášky  |d 20000912  |e dátum zverejnenia prihlášky (Vestník ÚPV SR č.: 09/2000) 
013 |a MI97A002374  |e číslo prioritnej prihlášky  |d 19971022  |e dátum podania prioritnej prihlášky 
013 |a PCT/EP98/06467  |e číslo podania medzinárodnej prihlášky podľa PCT 
013 |a WO99/20603  |e číslo zverejnenia medzinárodnej prihlášky podľa PCT 
040 |a SNK  |b slo  |c SNK  |e AACR2 
245 1 |a Spôsob konverzie derivátov treo-(2R,3R)-2-hydroxy-3-(2-aminofenyltio)-3-(4-metoxyfenyl)propiónovej kyseliny 
260 |a [Banská Bystrica]  |b Úrad priemyselného vlastníctva Slovenskej republiky  |c [2005] 
919 |a ISBN 
999 |c 1163059  |d 1164989 
952 |a SNK  |b SNK  |y PREZ  |7 0  |p 17A0456789  |o snkSK 284417  |i snk2005/6470  |8 0  |0 0  |1 0  |4 0  |d 2005-04-19  |l 0  |r 2026-02-24 20:39:30  |w 2026-02-24